000 00755nam a2200205 a 4500
005 20231123063602.0
008 991125s1992 mx 000 0 spa u
035 _aUPN01000000619
049 _aSEP
050 4 _aL227
_bB2 1992d
110 1 _aMéxico.
_bSecretaría de Educación Pública
245 1 0 _aActividades para apoyar el desarrollo sensorio motor :
_bciclo escolar 1991-1992 /
_cSecretaría de Educación Pública.
260 _aMéxico :
_bSEP,
_c1992.
300 _a161 p. :
_bil.
500 _a"Programa para la Modernización Educativa 1989-1994 : prueba operativa"
500 _a"Propuesta de libro para el alumno"
500 _a"Educación Primaria 1o"
650 4 _aEducación primaria
_zMéxico
_xPlanes y programas
_99975
905 _aLibro
999 _c619
_d619